Catálogo

Gestión de departamentos de servicio de alimentos y bebidas MF1104_3 / (Registro nro. 27493)

Detalles MARC
000 -LEADER
fixed length control field 01526cam a2200349 i 4500
001 - CONTROL NUMBER
control field 27493
003 - CONTROL NUMBER IDENTIFIER
control field Mx-PuUPA
005 - DATE AND TIME OF LATEST TRANSACTION
control field 20260430120706.0
008 - FIXED-LENGTH DATA ELEMENTS--GENERAL INFORMATION
fixed length control field 140415s2021 sp a gr 000 0 spa d
017 ## - COPYRIGHT OR LEGAL DEPOSIT NUMBER
Copyright or legal deposit number M-2357-2021
020 ## - INTERNATIONAL STANDARD BOOK NUMBER
International Standard Book Number 9788428344807
040 ## - CATALOGING SOURCE
Transcribing agency Mx-PuUPA
Original cataloging agency Mx-PuUPA
Language of cataloging spa
Modifying agency Mx-PuUPA
Description conventions rda
041 0# - LANGUAGE CODE
Language code of text/sound track or separate title spa
100 1# - MAIN ENTRY--PERSONAL NAME
Personal name Motto López, Marina,
Relator term autor
9 (RLIN) 18051
245 10 - TITLE STATEMENT
Title Gestión de departamentos de servicio de alimentos y bebidas MF1104_3 /
Statement of responsibility, etc. Marina Motto López y Miguel Ángel Fernández Menéndez
264 #1 - PRODUCTION, PUBLICATION, DISTRIBUTION, MANUFACTURE, AND COPYRIGHT NOTICE
Place of production, publication, distribution, manufacture [Madrid, España] :
Name of producer, publisher, distributor, manufacturer Ediciones Paraninfo,
Date of production, publication, distribution, manufacture, or copyright notice ©2021
300 ## - PHYSICAL DESCRIPTION
Extent xvii, 160 páginas :
Other physical details ilustraciones, diagramas, tablas ;
Dimensions 24 cm
336 ## - CONTENT TYPE
Fuente rdacontent
Content type term texto
Content type code txt
337 ## - MEDIA TYPE
Source rdamedia
Media type term sin medio
Media type code n
338 ## - CARRIER TYPE
Source rdacarrier
Carrier type term volumen
Carrier type code nc
500 ## - GENERAL NOTE
General note "Certificado de profesionalidad HOTRO409, Gestión de procesos de servicio en restauración MF1104_3". -- Cubierta
650 #7 - SUBJECT ADDED ENTRY--TOPICAL TERM
Source of heading or term armarc
Topical term or geographic name entry element Alimentos
650 #7 - SUBJECT ADDED ENTRY--TOPICAL TERM
Source of heading or term armarc
Topical term or geographic name entry element Gastronomía
650 #7 - SUBJECT ADDED ENTRY--TOPICAL TERM
Source of heading or term armarc
Topical term or geographic name entry element Manuales de formación
650 #7 - SUBJECT ADDED ENTRY--TOPICAL TERM
Source of heading or term armarc
Topical term or geographic name entry element Servicios alimentarios
General subdivision Administración
700 1# - ADDED ENTRY--PERSONAL NAME
Personal name Fernández Menéndez, Miguel Ángel,
Relator term autor
942 ## - ADDED ENTRY ELEMENTS (KOHA)
Source of classification or shelving scheme Dewey Decimal Classification
Koha item type Libro
Classification part 647.95068
Item part M57
Existencias
Withdrawn status Lost status Source of classification or shelving scheme Damaged status Not for loan Collection code Home library Current library Shelving location Date acquired Source of acquisition Cost, normal purchase price Total Checkouts Full call number Barcode Date last seen Cost, replacement price Price effective from Koha item type
    Dewey Decimal Classification     General Biblioteca Karol Wojtyla Biblioteca Karol Wojtyla Sala general 17/04/2026 2 512.43   647.95068 M57 2021 106565 08/05/2026 512.43 17/04/2026 Libro